HAND BOOK OF CLINICAL PHARMACY (Record no. 269706)

MARC details
000 -LEADER
fixed length control field 00362pam a2200133a 44500
008 - FIXED-LENGTH DATA ELEMENTS--GENERAL INFORMATION
fixed length control field 230405s2010 xxu||||| |||| 00| 0 eng d
041 ## - LANGUAGE CODE
Language code of text/sound track or separate title ENG
100 ## - MAIN ENTRY--PERSONAL NAME
Personal name DR A V YADAV / B V YADAV/ SHAIKH J I
245 ## - TITLE STATEMENT
Title HAND BOOK OF CLINICAL PHARMACY
250 ## - EDITION STATEMENT
Edition statement 6
260 ## - PUBLICATION, DISTRIBUTION, ETC.
Place of publication, distribution, etc. NEW YORK
Name of publisher, distributor, etc. MARCEL DEKKER INC PUBLICATIONS NEW YORK
Date of publication, distribution, etc. 2010
300 ## - PHYSICAL DESCRIPTION
Extent 17.4
906 ## - LOCAL DATA ELEMENT F, LDF (RLIN)
a 4267
Holdings
Withdrawn status Lost status Damaged status Not for loan Collection Home library Current library Date acquired Source of acquisition Cost, normal purchase price Total Checkouts Full call number Barcode Date last seen Price effective from Koha item type
          College of Pharmacy, Kolhapur College of Pharmacy, Kolhapur 05/11/2011 SAI BOOK CENTRE 108.00   615.58 PCK-M-2048 14/04/2023 14/04/2023 Book